000
00281nam a22001337a 4500
008
170620b xxu||||| |||| 00| 0 eng d
020
_a
9780300098563
041
_a
eng
080
_a
32
100
_a
20
101
_a
SHP
245
_a
MODERN IRAN
_c
KEDDIE.N.R
942
_2
udc
_c
BK
999
_c
18309
_d
18309